<?xml version="1.0" encoding="UTF-8"?>
<record
    xmlns:xsi="http://www.w3.org/2001/XMLSchema-instance"
    xsi:schemaLocation="http://www.loc.gov/MARC21/slim http://www.loc.gov/standards/marcxml/schema/MARC21slim.xsd"
    xmlns="http://www.loc.gov/MARC21/slim">

  <leader>03220    a2200373   4500</leader>
  <datafield tag="240" ind1=" " ind2=" ">
    <subfield code="a">Etude de la proc&#xE9;dure d'octroi et de remboursement du cr&#xE9;dit aux groupements de femmes au Sud B&#xE9;nin</subfield>
  </datafield>
  <datafield tag="502" ind1=" " ind2=" ">
    <subfield code="a">Th&#xE8;se pour l'obtention du Dipl&#xF4;me d'Ing&#xE9;nieur Agronome</subfield>
  </datafield>
  <datafield tag="260" ind1=" " ind2=" ">
    <subfield code="a">Abomey-Calavi</subfield>
  </datafield>
  <datafield tag="653" ind1="1" ind2=" ">
    <subfield code="a">Economie, Socio-Anthropologie et Communication</subfield>
  </datafield>
  <datafield tag="100" ind1=" " ind2=" ">
    <subfield code="a">AZAGNANDJI, Hermann R&#xE9;is</subfield>
  </datafield>
  <datafield tag="041" ind1=" " ind2=" ">
    <subfield code="b">Fr</subfield>
  </datafield>
  <datafield tag="260" ind1=" " ind2=" ">
    <subfield code="b">FSA/UAC</subfield>
  </datafield>
  <datafield tag="245" ind1=" " ind2=" ">
    <subfield code="a">Study of granding and refunding credit procedure for women grouping in southern Benin : case of motorized grinder</subfield>
  </datafield>
  <datafield tag="300" ind1=" " ind2=" ">
    <subfield code="a">[21]-69 p.</subfield>
  </datafield>
  <datafield tag="650" ind1=" " ind2=" ">
    <subfield code="a">CREDIT</subfield>
  </datafield>
  <datafield tag="650" ind1=" " ind2=" ">
    <subfield code="a">GROUPEMENT</subfield>
  </datafield>
  <datafield tag="650" ind1=" " ind2=" ">
    <subfield code="a">FEMME</subfield>
  </datafield>
  <datafield tag="650" ind1=" " ind2=" ">
    <subfield code="a">REMBOURSEMENT</subfield>
  </datafield>
  <datafield tag="650" ind1=" " ind2=" ">
    <subfield code="a">INVESTISSEMENT</subfield>
  </datafield>
  <datafield tag="300" ind1=" " ind2=" ">
    <subfield code="b"> 29 cm</subfield>
  </datafield>
  <datafield tag="260" ind1=" " ind2=" ">
    <subfield code="c">D&#xE9;cembre 2002</subfield>
  </datafield>
  <datafield tag="130" ind1=" " ind2=" ">
    <subfield code="l">Fr</subfield>
  </datafield>
  <datafield tag="040" ind1=" " ind2=" ">
    <subfield code="a">Support  </subfield>
  </datafield>
  <datafield tag="710" ind1=" " ind2=" ">
    <subfield code="a">Abomey-Calavi, Universit&#xE9; d'Abomey-Calavi, Facult&#xE9; des Sciences Agronomiques, Bj</subfield>
  </datafield>
  <datafield tag="041" ind1=" " ind2=" ">
    <subfield code="b">Fr</subfield>
  </datafield>
  <datafield tag="041" ind1=" " ind2=" ">
    <subfield code="b">En</subfield>
  </datafield>
  <datafield tag="653" ind1=" " ind2="1">
    <subfield code="a">Economie, Socio-Anthropologie et Communication</subfield>
  </datafield>
  <datafield tag="500" ind1=" " ind2=" ">
    <subfield code="a">Annexes</subfield>
  </datafield>
  <datafield tag="651" ind1=" " ind2=" ">
    <subfield code="a">SUD BENIN</subfield>
  </datafield>
  <datafield tag="100" ind1=" " ind2=" ">
    <subfield code="u">Abomey-Calavi, Universit&#xE9; d'Abomey-Calavi, Facult&#xE9; des Sciences Agronomiques, Bj</subfield>
  </datafield>
  <datafield tag="520" ind1=" " ind2=" ">
    <subfield code="a">Le domaine de la transformation est traditionnellement r&#xE9;serv&#xE9; aux femmes, et c'est aussi le domaine o&#xF9; les femmes rurales invertissent le plus d'heures de travail et d'&#xE9;nergie du fait du faible niveau technologique. Elles y tirent l'essentiel de leur revenu malgr&#xE9; la faible productivi&#xE9; du domaine de la transformation des produits agricoles. En effet ces femmes coinc&#xE9;es dans le cercle vicieux de la pauvret&#xE9;, ne peuvent pas acqu&#xE9;rir de nouvelles technologies. afin de r&#xE9;duire la p&#xE9;nibilit&#xE9; du travail et d'am&#xE9;liorer leur revenu, des efforts ont &#xE9;t&#xE9; consentis ces derni&#xE8;res ann&#xE9;es par les institutions de microfinance pour introduire de nouvelles technologies de transformation. C'est danc se cadre que la Composante Priv&#xE9;e du Programme d'Appui au D&#xE9;veloppement du Secteur Agricole (PADSA) a octroy&#xE9; des r&#xE2;peuses motoris&#xE9;es par le biais du cr&#xE9;dit aux groupements de femmes transformateurs des racines de manioc en gari. Entre 1998 et 2000, 65 r&#xE2;peuses motoris&#xE9;es ont &#xE9;t&#xE9; introduites au niveau des GF install&#xE9;s au Sud B&#xE9;nin. Dans sa strat&#xE9;gie d'intervention, le PADSA utilise des ONG comme des Interm&#xE9;diaires Techniques et Financier pour assurer l'animation, la formation ,les encadrements de GF et le recouvrement des fonds.  Le constat aujourd'hui est que seulement 18 GF sur 65 ont effectivement rembours&#xE9; le cr&#xE9;dit &#xE0; bonne date. On se demande alors pourquoi une telle situation. En d'autre terme, quels sont les d&#xE9;terminants du remboursement de cr&#xE9;dit contract&#xE9; par les   GF ?  La pr&#xE9;sente &#xE9;tude vise &#xE0; comrendre et expliquer le taux &#xE9;lev&#xE9; de d&#xE9;faillance observ&#xE9;. A cet effet, trois objectifs sp&#xE9;cifiques sont fix&#xE9;s &#xE0; savoir : &#xE9;tudier la proc&#xE9;dure d'octroi du cr&#xE9;dit de r&#xE2;peuses motoris&#xE9;es au sein des groupements de femmes (GF) ; &#xE9;tudier la proc&#xE9;dure de remboursement du cr&#xE9;dit au sein des GF producteurs de gari et enfin analyser les facteurs qui affectent le remboursement du cr&#xE9;dit au sein des GF producteurs de gari. </subfield>
  </datafield>
  <datafield tag="690" ind1=" " ind2=" ">
    <subfield code="a">GROUPEMENT DES FEMMES</subfield>
  </datafield>
  <datafield tag="999" ind1=" " ind2=" ">
    <subfield code="c">32011</subfield>
    <subfield code="d">32011</subfield>
  </datafield>
  <datafield tag="952" ind1=" " ind2=" ">
    <subfield code="0">0</subfield>
    <subfield code="1">0</subfield>
    <subfield code="4">0</subfield>
    <subfield code="7">0</subfield>
    <subfield code="a">BIDOC</subfield>
    <subfield code="b">BIDOC</subfield>
    <subfield code="d">0000-00-00</subfield>
    <subfield code="l">0</subfield>
    <subfield code="o">T.ESAC.2002.009</subfield>
    <subfield code="r">2009-02-28 00:00:00</subfield>
    <subfield code="t">02</subfield>
    <subfield code="w">2009-02-28</subfield>
    <subfield code="y">LIVR</subfield>
    <subfield code="z">A.9243</subfield>
  </datafield>
</record>
